Bicicletas y componentes: estudio piloto de posibilidades de comercio entre países en desarrollo /
Guardado en:
| Autor Principal: | |
|---|---|
| Formato: | Libro |
| Publicado: |
Ginebra :
Centro de Comercio Internacional,
1985
|
| Materias: | |
| Etiquetas: |
Agregar Etiqueta
Sin Etiquetas, Sea el primero en etiquetar este registro!
|
| LEADER | 00608nam a22001695a 4500 | ||
|---|---|---|---|
| 001 | CEM.cems001541 | ||
| 005 | 20060214000000.0 | ||
| 008 | 130507s1985##################000#0#####d | ||
| 003 | CEMS | ||
| 082 | 0 | 4 | |a 338.47 |
| 100 | 1 | |a Centro De Comercio Internacional Unctad Gatt Ginebra | |
| 245 | 1 | 0 | |a Bicicletas y componentes: estudio piloto de posibilidades de comercio entre países en desarrollo / |
| 260 | |a Ginebra : |b Centro de Comercio Internacional, |c 1985 | ||
| 300 | |a 165 p. | ||
| 653 | |a Bicicletas-comercializacion | ||
| 653 | |a Bicicletas-produccion | ||
| 859 | |a CEMS |b BIB. CEMS - 11 de abril |h 338.47 |i C333 |p 14822.87 |t Ej.1 | ||
